Vista normal
Vista MARC
Entrada Materia (personas)
Número de registros utilizados en: 3
001 - CONTROL NUMBER
- control field: 99605
003 - CONTROL NUMBER IDENTIFIER
- control field: Co-BoUCM
005 - DATE AND TIME OF LATEST TRANSACTION
- control field: 20200109113151.0
008 - FIXED-LENGTH DATA ELEMENTS
- fixed length control field: 200109|| aca||aabn | a|a d
040 ## - CATALOGING SOURCE
- Original cataloging agency: Co-BoUCM
- Transcribing agency: Co-BoUCM
100 ## - HEADING--PERSONAL NAME
- Personal name: Rackham, H.
- Dates associated with a name: 1868-1944
- Fuller form of name: Harris
670 ## - SOURCE DATA FOUND
- Source citation: Work cat.: (Co-BoUCM): Cicerón, Marco Tulio 1363, Cicero XVII, 1931